00672nam a2200229 a 450000100060000000300080000600500170001400800410003102000170007203500190008904000270010804100080013508200250014310000190016824500800018726000390026730000340030650400390034065000270037965000190040670000170042568793BD-RjUL20211209081818.0170405s1998 maua b 001 0 eng d a0878934812 : a(BD-RjUL)69004 aDLCcDLCbengdBD-RjUL aeng00a576.53223bLYG 19981 aLynch, Michael10aGenetics and analysis of quantitative traits /cMichael Lynch, Bruce Walsh. aSunderland, Ma. :bSinauer,c1998. axvi, 980 p. :bill. ;c24 cm. aIncludes bibliography and indexes. 0aQuantitative genetics. 02Genetic Makeup1 aWalsh, Bruce